| Tag |
First Indicator |
Second Indicator |
Subfields |
| LEADER |
00000nam a2200000Ia 4500 |
| 001 |
in00004239321 |
| 005 |
20200807093528.0 |
| 006 |
m g d |
| 007 |
cr bn |||a|bb| |
| 008 |
850425s1695 enk o 00| | eng d |
| 035 |
|
|
|a (OCoLC)11964022
|
| 040 |
|
|
|a EAA
|c EAA
|d m/c
|d UMI
|d WaOLN
|
| 037 |
|
|
|a CL0037000025
|b ProQuest Information and Learning. 300 N. Zeeb Rd., Ann Arbor, MI 48106
|
| 049 |
|
|
|a UMIA
|
| 100 |
1 |
|
|a Taylor, Nathanael,
|d d. 1702.
|
| 245 |
1 |
2 |
|a A funeral sermon on the decease of the Reverend Mr. Richard Mayo :
|b late minister of the gospel in London, who died the 8th of September, 1695 /
|c by Nathanael Taylor.
|
| 260 |
|
|
|a London :
|b Printed for Thomas Cockerill, senr and junr ...,
|c 1695.
|
| 300 |
|
|
|a 1 online resource ([4], 30, [2] pages)
|
| 336 |
|
|
|a text
|b txt
|2 rdacontent
|
| 337 |
|
|
|a computer
|b c
|2 rdamedia
|
| 338 |
|
|
|a online resource
|b cr
|2 rdacarrier
|
| 500 |
|
|
|a Reproduction of original in Huntington Library.
|
| 510 |
4 |
|
|a Wing
|c T543
|
| 533 |
|
|
|a Electronic reproduction.
|b Ann Arbor, Mich. :
|c UMI,
|d 1999-
|f (Early English books online)
|n Digital version of: (Early English books, 1641-1700 ; 829:3)
|7 s1999 miun s
|
| 600 |
1 |
0 |
|a Mayo, Richard,
|d 1631?-1695.
|
| 610 |
2 |
0 |
|a Church of England
|v Sermons.
|
| 630 |
0 |
0 |
|a Bible.
|p N.T.
|p Corinthians, 2nd, V, 8
|v Sermons.
|
| 650 |
|
0 |
|a Funeral sermons.
|
| 650 |
|
0 |
|a Sermons, English
|y 17th century.
|
| 830 |
|
0 |
|a Early English books online.
|
| 856 |
4 |
0 |
|u http://proxy.library.tamu.edu/login?url=https://search.proquest.com/docview/2240927260
|z Connect to the full text of this electronic book
|t 0
|
| 999 |
f |
f |
|s 50dbb303-ff2d-3c51-9130-7403b72a9738
|i 7449d78d-9cc0-3a03-9315-d8939bdaed70
|t 0
|
| 952 |
f |
f |
|a Texas A&M University
|b College Station
|c Electronic Resources
|d Available Online
|t 0
|h No information provided
|
| 998 |
f |
f |
|t 0
|l Available Online
|